000 00940cam a22002775a 4500
001 L158352
008 081110s2015 xxka f 000 0 eng u
020 _a9781848064065
035 _a(Sirsi) u158352
041 0 _aeng
050 0 4 _a690 $2 18
100 1 _aScivyer, Chris
110 2 _aBRE
245 _aRadon protection for new dwellings
260 _aWatford
_bIHS BRE
_c2015
300 _a8p.
_bill.
_c30cm.
490 0 _aBRE Good Building Guide
_vGG 74
520 _aGives practical advice and guidance on the successful installation of radon-protective measures in new dwellings. To be read in conjunction with BRE Report BR 211 "Radon: guidance on protective measures for new buildings".
520 _aReplaces the guidance L145793 published in 2008.
521 _aAdvanced
590 _aKA
650 2 4 _aRADON PROTECTION MEASURES
651 4 _aUnited Kingdom
_y
690 _aHealth and safety
_96244
942 _n0
999 _c115274
_d115274